Biblioteca y Centro de Documentación

Vista normal Vista MARC

Entrada Nombre personal

Número de registros utilizados en: 1

001 - NÚMERO DE CONTROL

  • Campo de control: 15137

003 - IDENTIFICADOR DE NÚMERO DE CONTROL

  • Campo de control: ES-MaCES

005 - FECHA Y HORA DE LA ULTIMA MODIFICACION

  • Campo de control: 20171211135517.0

008 - ELEMENTOS DE DATOS DE LONGITUD FIJA

  • Campo de longitud fija: 080818 | azznnaabn |n aaa d

035 ## - NÚMERO DE CONTROL DEL SISTEMA

  • Número de control del sistema: CES20080005049n

040 ## - FUENTE DE LA CATALOGACIÓN

  • Agencia original de catalogación: ES-MaCES
  • Idioma de catalogación: spa
  • Agencia de transcripción: ES-MaCES

100 1# - ENCABEZAMIENTO--NOMBRE DE PERSONA

  • Nombre personal: Iglesias, Pablo
  • Fechas asociadas a un nombre: 1850-1925

400 ## - TRAZADO VEÁSE--NOMBRE DE PERSONA

  • Nombre personal: Iglesias Posse, Pablo

670 ## - FUENTE DE DATOS ENCONTRADOS

  • Fuente de citación: https://es.wikipedia.org
  • Información encontrada: político español, de ideología marxista, fundador del Partido Socialista Obrero Español y de la Unión General de Trabajadores

901 ## - CES. DATOS SIRTEX

  • ID Sirtex (N5N8): 0001500019843
  • 005BIS Sirtex: 200808181346ALORITE
© CES, Consejo Económico y Social de España 2021